Piłkarska kariera Dwighta Yorka. - Statystyki

Ogólne statystyki
  • Ten quiz został rozwiązany 18 razy
  • Średni wynik to 3 z 6
Statystyki odpowiedzi
Lata Drużyna % Poprawnych
1998-2002 Manchester United
100%
1989-1998 Aston Villa
35%
2006-2009 Sunderland
35%
2004-2005 Birmingham
29%
2002-2004 Blackburn
29%
2005-2006 Sydney
24%
Nie znaleziono quizów pasujących do podanych kryteriów
Rozkład punktacji
Procent ludzi z każdym wynikiem
Percentyl według liczby udzielonych odpowiedzi
Twoja historia wyników
Nie rozwiązałeś tego quizu